000 00949cam a2200253 4500
008 020920n2002 000 0 eng u
020 _a0727731939
035 _a(Sirsi) u119759
041 _aeng
050 _a624.08
_c18
110 _aInstitution of Civil Engineers
_91402
245 _aICE conditions of contract term version, first edition: conditions of contract and forms of tender, agreement and bond for use in connection with maintenance work for a given period of time
260 _aLondon
_bThomas Telford
_c2002
300 _axxiv, 68p.
_c31cm.
350 _a15
650 _aICE CONDITIONS OF CONTRACT TERM VERSION 1ST EDITION
650 _aMAINTENANCE WORKS
650 _aENGINEERING CONTRACTS
650 _aCIVIL ENGINEERING CONTRACTS
690 _aBUILT ENVIRONMENT-BUILDING CONTRACT FORMS
710 _aAssociation of Consulting Engineers
_91225
856 _aCivil Engineering Contractors Association
942 _n0
999 _c102383
_d102383